000 00674nam a2200289Ia 4500
005 20260324114629.0
008 008 260324s9999 xx 000 0 eng d
020 _a9781003201335
037 _aEBOOK
040 _aCRL
040 _beng
040 _cCRL
041 _2eng
041 _aeng
084 _qCRL
100 _aPaul Bruma
_91150361
245 0 _aIntroduction to Relativity Volume I
245 0 _bIn-Depth and Accessible
260 _bTaylor and Francis
260 _c2022
365 _a
365 _b170
856 _uhttp://www.taylorfrancis.com/books/9781003201335
942 _cEBOOK
999 _c1741828
_d1741828